| 000 | 00640nam a2200205 u 4500 | ||
|---|---|---|---|
| 005 | 20240831063715.0 | ||
| 008 | 080606s2004 es r 000 0 spa d | ||
| 020 | _a8476470231 | ||
| 035 | _aUPN01000156642 | ||
| 049 | _aI | ||
| 050 | 4 |
_aPZ71 _bA4.63 |
|
| 100 | 1 |
_aRodríguez Almodóvar, Antonio, _d1941- _930636 |
|
| 245 | 1 | 0 |
_aPeriquín y la bruja Curuja / _cA. R. Almodóvar ; il. Jesús Gabán. |
| 260 |
_aSevilla, Esp. : _bAlgaida, _c2004. |
||
| 300 |
_a15 p. : _bprincipalmente il. col. |
||
| 440 | 0 |
_aCuentos de la media lunita ; _v11 |
|
| 650 | 4 |
_aCuentos infantiles españoles _97725 |
|
| 905 | _aInfantil | ||
| 999 |
_c128756 _d128756 |
||